000 00453nam a2200181Ia 4500
008 100920s9999 xx 000 0 und d
082 _b96277
_a491.462 0
100 _a---
245 _aमोटारवाला.
260 _b---
_c0
300 _a84
_bसाधी
365 _b0
520 _aनाटक.
630 _aमोटारवाला.
650 _aनाटक.
730 _aमोटारवाला.
942 _cBOOK
999 _c736717
_d736714